Các cấu trúc đại số của tập thô và ngữ nghĩa của tập mờ trong lý thuyết tập thô
Các cấu trúc đại số của tập thô. Ngữ nghĩa của tập mờ trong lý thuyết tập thô. Các ứng dụng đặc trưng của lý thuyết tập thô
Na minha lista:
| Autor principal: | |
|---|---|
| Outros Autores: | |
| Formato: | Livro |
| Idioma: | Vietnamese |
| Publicado em: |
Đà Nẵng
Đại học Đà Nẵng
2011
|
| Assuntos: | |
| Tags: |
Adicionar Tag
Sem tags, seja o primeiro a adicionar uma tag!
|
| Thư viện lưu trữ: | Mạng thư viện Đại học Đà Nẵng |
|---|
| LEADER | 01589nam a2200361 4500 | ||
|---|---|---|---|
| 001 | 000010345 | ||
| 003 | 6547 | ||
| 005 | 20111213081224.0 | ||
| 008 | 111213s2011 viesd | ||
| 041 | |a vie | ||
| 072 | |a Luận văn Thạc sĩ khoa học | ||
| 082 | |a 512.2 |b HU-G | ||
| 100 | 1 | |a Huỳnh Thị Yến Giang | |
| 245 | 1 | |a Các cấu trúc đại số của tập thô và ngữ nghĩa của tập mờ trong lý thuyết tập thô |c Huỳnh Thị Yến Giang | |
| 260 | |a Đà Nẵng |b Đại học Đà Nẵng |c 2011 | ||
| 300 | |a 88 tr |c 29 cm |e 1 tóm tắt | ||
| 500 | |a Luận văn Thạc sĩ Khoa học. Chuyên ngành: Phương pháp toán sơ cấp. Mã số: 60.46.40 | ||
| 520 | |a Các cấu trúc đại số của tập thô. Ngữ nghĩa của tập mờ trong lý thuyết tập thô. Các ứng dụng đặc trưng của lý thuyết tập thô | ||
| 653 | |a Khái niệm tập mờ | ||
| 653 | |a Luận văn Thạc sĩ toán sơ cấp | ||
| 653 | |a Các cấu trúc đại số của tập thô | ||
| 653 | |a Toán học | ||
| 700 | 1 | |a Nguyễn Gia Định |c PGS.TS |e Hướng dẫn | |
| OWN | |a LSP | ||
| AVA | |a UDN50 |b LSP |d 512.2 HU-G |e available |t Error 5001 Not defined in file expand_doc_bib_avail. |f 1 |g 0 |h N |i 0 |k 1 | ||
| 999 | |a From the UDN01 | ||
| AVA | |a UDN50 |b LSP |d 512.2 HU-G |e available |t Error 5001 Not defined in file expand_doc_bib_avail. |f 1 |g 0 |h N |i 0 |k 1 | ||
| TYP | |a Monograph | ||
| TYP | |a Printed language | ||
| 980 | |a Mạng thư viện Đại học Đà Nẵng | ||